1141 1794 1246 1300 1069 1705 1558 1436 1104 1302 1833 1684 1041 1552 1731 1891 1153 1889 1299 1044 1860 1458 1000 1084 1171 1366 1182 1739 1679 1446 1581 1281 1019 1133 1359 1687 1928 1637 1039 1032 1107 1214 1448 1513 1243 1536 1294 1560 1988 1633 1872 1565 1464 1727 1923 1714 1157 1319 1881 1733 1791 1950 1086 1399 1202 1421 1350 1872 1187 1318 1358 1140 1959 1121 1292 1963 1123 1168 1421 1285 1600 1696 1692 1765 1167 1989 1113 1041 1589 1911 1017 1965 1787 1352 1702 1831 1343 1251 1094 BCNSPRNW ULIB Ver.6.0+V

เปลี่ยนเป็นภาษาไทย

Change to English
 แสดงรายละเอียดบรรณานุกรม
  กลับหน้าหลัก

Brief Record : Get Marc (ISO 2709) : E-mail record : QR code < ปิดหน้าต่าง
LEADER : 00000nam 2200000uu 4500
001    13399126281
003     ULIB
008    180827s2560||||th 000 0 tha d
020    ^a9786164453265
060    ^aWG140 อ114T
100    ^aองค์การ เรืองรัตนอัมพร ไพศาล บุญศิริดำชัย และดำรงค์ สุกิจปัญญาโรจน์
245    ^aThe Electrocardiography : Self Study, Book I
250    ^aพิมพ์ครั้งที่ 1
260    ^aกรุงเทพฯ :^bพี เอ็น เค แอนด์ สกายพริ้นติ้งส์,^c2560
300    ^a258 หน้า^bภาพประกอบ
650    ^aคลื่นไฟฟ้าหัวใจ^xแปลผล
650    ^aThe Electrocardiography
945    ^p350^l0^i004494
945    ^p350^l0^i004493
945    ^p350^l0^i004495
945    ^p350^l0^i011309
945    ^p350^l0^i011310
945    ^p350^l0^i011311
945    ^p350^l0^i011312
945    ^p350^l0^i011313
999    ^aประนอม เกษจรัล
รายการนี้ยังไม่มีแท็ก
คุณยังไม่ได้ล็อกอิน คุณสามารถมีกิจกรรมร่วมกับเว็บไซต์ได้ แต่ต้องล็อกอินก่อน ::
  ล็อกอิน

รายการสื่อสารสนเทศ

ลำดับที่ ประเภท เลขเรียก/บาร์โค้ด สถานที่ สถานะ
1. วิทยาศาสตร์การแพทย์ และสุขภาพ
หนังสือสำรอง
สถานะ=หนังสือสำรอง
WG140 อ114T ฉ.1 
  Barcode: 004493
ห้องสมุดวิทยาเขตสวรรค์ประชารักษ์
►หนังสือทั่วไป
บนชั้น
2. วิทยาศาสตร์การแพทย์ และสุขภาพ
วิทยาศาสตร์การแพทย์ และสุขภาพ
WG140 อ114T ฉ.2 
  Barcode: 004494
ห้องสมุดวิทยาเขตสวรรค์ประชารักษ์
►หนังสือทั่วไป
บนชั้น
3. วิทยาศาสตร์การแพทย์ และสุขภาพ
วิทยาศาสตร์การแพทย์ และสุขภาพ
WG140 อ114T ฉ.3 
  Barcode: 004495
ห้องสมุดวิทยาเขตสวรรค์ประชารักษ์
►หนังสือทั่วไป
บนชั้น
4. วิทยาศาสตร์การแพทย์ และสุขภาพ
วิทยาศาสตร์การแพทย์ และสุขภาพ
WG140 อ114T ฉ.4 
  Barcode: 011309
ห้องสมุดวิทยาเขตสวรรค์ประชารักษ์
►หนังสือทั่วไป
บนชั้น
5. วิทยาศาสตร์การแพทย์ และสุขภาพ
วิทยาศาสตร์การแพทย์ และสุขภาพ
WG140 อ114T ฉ.5 
  Barcode: 011310
ห้องสมุดวิทยาเขตสวรรค์ประชารักษ์
►หนังสือทั่วไป
บนชั้น
6. วิทยาศาสตร์การแพทย์ และสุขภาพ
วิทยาศาสตร์การแพทย์ และสุขภาพ
WG140 อ114T ฉ.6 
  Barcode: 011311
ห้องสมุดวิทยาเขตสวรรค์ประชารักษ์
►หนังสือทั่วไป
บนชั้น
7. วิทยาศาสตร์การแพทย์ และสุขภาพ
วิทยาศาสตร์การแพทย์ และสุขภาพ
WG140 อ114T ฉ.7 
  Barcode: 011312
ห้องสมุดวิทยาเขตสวรรค์ประชารักษ์
►หนังสือทั่วไป
บนชั้น
8. วิทยาศาสตร์การแพทย์ และสุขภาพ
วิทยาศาสตร์การแพทย์ และสุขภาพ
WG140 อ114T ฉ.8 
  Barcode: 011313
ห้องสมุดวิทยาเขตสวรรค์ประชารักษ์
►หนังสือทั่วไป
บนชั้น

รายการใกล้เคียง
    ชื่อเรื่อง [The Electrocardiography : Self Study, Book I]

    ผู้แต่ง [องค์การ เรืองรัตนอัมพร ไพศาล บุญศิริดำชัย และดำรงค์ สุกิจปัญญาโรจน์]

    หัวเรื่อง [The Electrocardiography]

BibComment


ยังไม่เคยถูกคอมเมนท์

คอมเมนท์ทรัพยากรรายการนี้
  คอมเมนท์: The Electrocardi..


 Copyright 2026. Bcnsprnw @Library